The Black Dog - Taylor Swift (All Lyrics) - Statistics

General Stats
  • This quiz has been taken 1,557 times
    1,544 since last reset
  • The average score is 263 of 302
Answer Stats
Lyrics % Correct
a
100%
do
100%
Dog
100%
Dog,
100%
I
100%
Black
99%
me
99%
me?
99%
so
99%
The
99%
"The
99%
the
99%
You
99%
you
99%
And
98%
and
98%
in
98%
In
98%
it
98%
to
98%
of
97%
some
97%
know
96%
your
96%
miss
95%
someone
95%
this
95%
too
95%
when
95%
When
95%
who
95%
bar
94%
called
94%
die
94%
for
94%
how
94%
off
94%
screaming
94%
she's
94%
song
94%
young
94%
but
93%
don't
93%
just
93%
Old
93%
old
93%
with
93%
With
93%
am
92%
habits
92%
location,
92%
turn
92%
up,
92%
up
92%
was
92%
Was
92%
as
91%
Even
91%
forgot
91%
my
91%
My
91%
play
91%
understand
91%
walk
91%
hear
90%
Into
90%
jump
90%
our
90%
recent
90%
until
90%
Until
90%
watch
90%
shared
89%
Line"
88%
Starting
87%
plays
86%
secrets
86%
That
86%
dreaming
85%
still
85%
events
84%
if
84%
all
82%
fabric
81%
magic
81%
hits
80%
hope
80%
it's
80%
shower
79%
heart
77%
intertwined
77%
joke?
76%
Were
76%
body
75%
air
74%
believe
74%
breathin'
74%
'Cause
74%
Now
74%
clean
73%
fun
73%
hate
73%
makin'
73%
shakin',
73%
Six
73%
smoke
73%
weeks
73%
you're
73%
shitty
72%
can't
71%
clothes
71%
fire
71%
house
71%
kills
71%
demons
70%
set
70%
new
69%
Then
69%
then
69%
sell
68%
wanna
68%
come
67%
holes
67%
priest
67%
rain
67%
remember
67%
soaked
67%
cruel
66%
did
66%
pierce
66%
esoteric
65%
hire
64%
between
63%
exorcise
63%
mean
63%
said
63%
him
62%
legs,
62%
man
62%
believed
61%
needed
61%
tail
61%
brave
60%
fraternity?
60%
way
60%
tragic
59%
leavin'
58%
best
57%
hazing
57%
plans
57%
through
57%
world
56%
never
55%
open
55%
unspoken
54%
move
53%
proceeded
53%
laid
52%
stay
52%
heartbroken
51%
pledged
51%
those
49%
longings
45%
may
43%
No matching quizzes found
Score Distribution
Percent of People with Each Score
Percentile by Number Answered
Your Score History
You have not taken this quiz since the last reset